000 00564nam a22001337a 4500
040 _cRUA
082 _aAGR KEA 2015 B556 Or.1
100 _akEANG RAKSA; គាង រក្សា
245 _aTechniques of rambutan growth in chamkarleu district, kampong cham province; បច្ចេកទេសដាំដុះដំណាំសាវម៉ាវនៅក្នុងស្រុកចំការលើខេត្តកំពង់ចាម
260 _aPhnom Penh
_bRUA
_c2015
300 _aix; 50p;
_bill;
_c29cm;
856 _uKEANG RAKSA
942 _cAGR
999 _c11551
_d11551